| 000 | 00726nac a22002291u 4500 | ||
|---|---|---|---|
| 020 | _a0395885787 | ||
| 082 |
_a515 _bL3345 |
||
| 090 |
_c4341 _d4341 |
||
| 100 | _aLarson, Roland E. | ||
| 245 |
_aCalculus of a single variable / _cRon Larson; Robert P Hostetler; Bruce H Edwards |
||
| 250 | _a 6th ed. | ||
| 260 |
_aBoston,MA.: _bHoughton Mifflin Company,1998 _c1998 |
||
| 300 |
_axxxvii, 698, 172 p. : _b ill. (some col.) ; _c28 cm |
||
| 504 | _aIncludes index | ||
| 650 | _aCalculus | ||
| 700 | _aHostetler, Robert P. | ||
| 700 | _aLarson, Roland E. | ||
| 942 |
_cBB _k515L3345 _hRDA-MOD |
||
| 999 |
_c4341 _d4341 |
||
| 336 |
_2rdacontent _atext _btxt |
||
| 337 |
_aunmediated _2rdamedia _bn |
||
| 338 |
_avolume _bnc _2rdacarrier |
||